Представление документа в формате MARC21

Поле Инд. ПП Название Значение
Тип записи a
Библиографический уровень m
001 Контрольный номер RU/IS/BASE/447247195
005 Дата корректировки 20250416113750.7
020 a ISBN 978-5-394-03767-2
080 a Индекс УДК 658.562(075.8)
097 b Оператор *Ир*
100 1_ a Автор Агарков А.П.
245 10 a Заглавие Управление качеством
b Продолж. заглавия учебник
250 a Основные сведения об издании 2-е изд., стер.
260 a Место издания Москва
b Издательство Дашков и К
c Дата издания 2022
440 _0 a Серия Учебные издания для бакалавров
a Серия УМК-У
516 8_ a Прим. о типе комп. файла/ данных Текст : электронный
a Прим. о типе комп. файла/ данных Режим доступа: по подписке
a Прим. о типе комп. файла/ данных Дата обращения: 12.09.2022
520 0_ a Аннотация Издание соответствует Федеральному государственному бразовательному стандарту высшего профессионального образования третьего поколения. В учебнике рассматриваются вопросы актуальности системно-комплексного решения проблем качества, эволюции подходов к управлению качеством, разработки систем менеджмента качества в соответствии с требованиями международных стандартов ИСО серии 9000, всеобщего управления качеством (TQM) и др., а также направления стандартизации, сертификации и технического регулирования, оценки уровня качества, экономические аспекты управления качеством. Особое внимание в прикладном плане уделено вопросам разработки и внедрения организационно-экономических систем производства, его инфраструктурно-комплексной подготовки и обеспечения качества машин. Для студентов бакалавриата, обучающихся по направлениям подготовки «Менеджмент», «Экономика».
535 1_ a Хранилище ЭБС Лань
535 1_ a Хранилище ЭБС Университетская библиотека онлайн
583 a Действие Приписка : УМК
653 0_ a Ключевые слова Качество продукции
a Ключевые слова Стандартизация
a Ключевые слова Сфера сервиса
a Ключевые слова Технологические системы
a Ключевые слова Управление качеством
655 a Жанр/ форма (устаревшее) *У*
773 18 w Контрольный № источника 117609
w Контрольный № источника RU/IS/BASE/540994019
w Контрольный № источника RU/IS/BASE/562086739
856 40 u URL https://e.lanbook.com/book/229943
u URL https://biblioclub.ru/index.php?page=book&id=684370
901 t Тип документа m
905 b Дата создания записи обработка 12.09.22
952 g 1
b Гриф литературы для ВШ Гриф УМО
952 e Факультет *ФУСК*
a Тип литературы для КСУ ВШ *У2*
990 c Приоритет заказа (DOS) *д*
g Размещение заказа (DOS) ЭБС Лань
g Размещение заказа (DOS) ЭБС Университетская библиотека онлайн
j Количество экземпляров (DOS) 1